| 000 | 00821nam a2200289Ia 4500 | ||
|---|---|---|---|
| 003 | OSt | ||
| 005 | 20220912150520.0 | ||
| 006 | a|||||r|||| 00| 0 | ||
| 007 | ta | ||
| 008 | 220909b |||||||| |||| 00| 0 eng d | ||
| 020 | _a0306448734 (hbd) | ||
| 024 | _a4731 | ||
| 037 | _bEducational, | ||
| 037 | _cTextual | ||
| 040 |
_aCSL _beng _cCSL |
||
| 041 | _aeng | ||
| 082 | _aE:283, N5 | ||
| 100 | _aRavve A | ||
| 245 | 0 | _aPrinciples of polymer chemistry | |
| 260 |
_aNew York _b Plenum Press _c1995 |
||
| 300 |
_axiv,496p. _ccm. Includes with Floppy disk |
||
| 500 |
_aIncludes bibliographical references; Appendix 487-488p. _ccm.; Index 489-496p. _ccm. |
||
| 650 | _a Polymer | ||
| 650 | _aChemistry | ||
| 942 |
_hE:283, N5 _cTEXL _2CC |
||
| 999 |
_c49216 _d49216 |
||